[Event "Zhongshan zt (Women)"]
[Site "Zhongshan"]
[Date "2013.11.04"]
[Round "7"]
[White "Xu, Huahua"]
[Black "Huang, Mofei"]
[Result "1/2-1/2"]
[WhiteElo "2125"]
[BlackElo "1984"]
[PlyCount "89"]
[EventDate "2013.10.29"]
[EventType "swiss"]
[EventRounds "11"]
[EventCountry "CHN"]
[SourceTitle "EXT 2014"]
[Source "ChessBase"]
[SourceDate "2013.11.20"]
[SourceVersion "1"]
[SourceVersionDate "2013.11.20"]
[SourceQuality "1"]

1. e4 c6 2. d4 d5 3. Nc3 dxe4 4. Nxe4 Bf5 5. Ng3 Bg6 6. h4 h6 7. Nf3 Nd7 8. h5 Bh7 9. Bd3 Bxd3 10. Qxd3 e6 11. Bd2 Ngf6 12. 0-0-0 Qc7 13. Ne4 Nxe4 14. Qxe4 Nf6 15. Qe2 0-0-0 16. Kb1 c5 17. dxc5 Bxc5 18. Rh4 Nd5 19. Rc4 b5 20. Rg4 Rhg8 21. Qxb5 Qb6 22. Qc4 Kb7 23. a4 Bxf2 24. a5 Qa6 25. Rf1 Be3 26. Re4 Bxd2 27. Nxd2 Nf6 28. Nb3 Qxc4 29. Rxc4 Rd5 30. g4 Rc8 31. a6+ Kb8 32. Rb4+ Ka8 33. Rb7 Rf8 34. Rc7 Rd7 35. Rxd7 Nxd7 36. Nd4 Kb8 37. Rf3 Kc7 38. Rc3+ Kb6 39. Rc6+ Ka5 40. c3 Nb6 41. Rc7 Kxa6 42. Nc6 Nd5 43. Rd7 Kb6 44. Ne5 Nf6 45. Re7 1/2-1/2

[Event "CHN-chT"]
[Site "China"]
[Date "2013.10.12"]
[Round "13.2"]
[White "Wang, Jue"]
[Black "Xu, Huahua"]
[Result "0-1"]
[WhiteElo "2401"]
[BlackElo "2125"]
[PlyCount "178"]
[EventDate "2013.04.30"]
[EventType "team-tourn"]
[EventRounds "22"]
[EventCountry "CHN"]
[SourceTitle "EXT 2014"]
[Source "ChessBase"]
[SourceDate "2013.11.20"]
[SourceVersion "1"]
[SourceVersionDate "2013.11.20"]
[SourceQuality "1"]
[WhiteTeam "Beijing"]
[BlackTeam "Hubei"]
[WhiteTeamCountry "CHN"]
[BlackTeamCountry "CHN"]

1. e4 c5 2. Nf3 Nc6 3. d4 cxd4 4. Nxd4 e5 5. Nb5 a6 6. Nd6+ Bxd6 7. Qxd6 Qe7 8. Qd1 Nf6 9. Nc3 d6 10. Bg5 Be6 11. Nd5 Bxd5 12. exd5 Nb8 13. Be2 Nbd7 14. 0-0 h6 15. Be3 0-0 16. c4 Nh7 17. b4 f5 18. f3 f4 19. Bf2 b6 20. Bd3 g5 21. Qc2 Nhf6 22. Bf5 Kg7 23. Be6 Rfb8 24. Rfe1 Rb7 25. Rac1 Rc7 26. h4 gxh4 27. Bxh4 Nf8 28. Bf5 Qf7 29. Bf2 N8d7 30. Qd3 Rd8 31. a4 a5 32. bxa5 bxa5 33. Qa3 Qf8 34. Rb1 Nc5 35. Bxc5 Rxc5 36. Rb7+ Kh8 37. Be6 Rb8 38. Rf7 Qd8 39. Qd3 Rc7 40. Qg6 Rxf7 41. Bxf7 Qb6+ 42. Kh2 Nh7 43. c5 Qxc5 44. Rb1 Rf8 45. Qxh6 Qc7 46. Be6 Rf6 47. Qh4 Kg7 48. Bh3 Rg6 49. Qf2 Ng5 50. Bf5 Rh6+ 51. Kg1 Kf6 52. Bd3 Qg7 53. Kf1 Rh1+ 54. Ke2 Rxb1 55. Bxb1 Qb7 56. Bd3 Qxd5 57. Qb6 Ne6 58. Qb2 Nc5 59. Bb5 Nb3 60. Bd3 Nd4+ 61. Kd2 Nc6 62. Ke2 Nb4 63. Bb5 Qa2 64. Qxa2 Nxa2 65. Kd3 d5 66. Bd7 Nb4+ 67. Kc3 Kg5 68. Kd2 Kh4 69. Ke2 Kg3 70. Kf1 Nc2 71. Bc6 Ne3+ 72. Ke2 Kxg2 73. Bb7 Kg3 74. Bc6 Kh4 75. Kd3 Kg5 76. Bd7 Kf6 77. Bc6 Ke6 78. Bb5 Kd6 79. Kc3 Nf5 80. Be2 Kc5 81. Kd3 Kb4 82. Bd1 Ne3 83. Be2 Kb3 84. Kd2 Nc4+ 85. Kd3 Nb2+ 86. Kd2 Nxa4 87. Bb5 Nc3 88. Bd7 a4 89. Bf5 a3 0-1

[Event "CHN-chT"]
[Site "China"]
[Date "2013.10.11"]
[Round "12.6"]
[White "Xu, Huahua"]
[Black "Harika, Dronavalli"]
[Result "0-1"]
[WhiteElo "2125"]
[BlackElo "2475"]
[PlyCount "58"]
[EventDate "2013.04.30"]
[EventType "team-tourn"]
[EventRounds "22"]
[EventCountry "CHN"]
[SourceTitle "EXT 2014"]
[Source "ChessBase"]
[SourceDate "2013.11.20"]
[SourceVersion "1"]
[SourceVersionDate "2013.11.20"]
[SourceQuality "1"]
[WhiteTeam "Hubei"]
[BlackTeam "Shandong"]
[WhiteTeamCountry "CHN"]
[BlackTeamCountry "CHN"]

1. e4 g6 2. d4 Bg7 3. Nc3 c6 4. f4 d5 5. e5 Nh6 6. Nf3 Bg4 7. Bd3 f6 8. 0-0 0-0 9. h3 Bxf3 10. Rxf3 e6 11. Qf1 Nd7 12. Ne2 Qb6 13. Kh2 fxe5 14. fxe5 Rxf3 15. Qxf3 Rf8 16. Qg3 Nf5 17. Bxf5 Rxf5 18. c3 c5 19. a4 a5 20. Qg4 Rf1 21. Ra3 c4 22. h4 Nxe5 23. dxe5 Bxe5+ 24. Bf4 Bxf4+ 25. Nxf4 Qg1+ 26. Kh3 Qe3+ 27. g3 Rh1+ 28. Kg2 Qe4+ 29. Kf2 Rh2+ 0-1

[Event "CHN-chT"]
[Site "China"]
[Date "2013.10.10"]
[Round "11.1"]
[White "Munguntuul, Batkhuyag"]
[Black "Xu, Huahua"]
[Result "1-0"]
[WhiteElo "2436"]
[BlackElo "2125"]
[PlyCount "44"]
[EventDate "2013.04.30"]
[EventType "team-tourn"]
[EventRounds "22"]
[EventCountry "CHN"]
[SourceTitle "EXT 2014"]
[Source "ChessBase"]
[SourceDate "2013.11.20"]
[SourceVersion "1"]
[SourceVersionDate "2013.11.20"]
[SourceQuality "1"]
[WhiteTeam "Guangdong"]
[BlackTeam "Hubei"]
[WhiteTeamCountry "CHN"]
[BlackTeamCountry "CHN"]

1. d4 Nf6 2. Nf3 g6 3. e3 d5 4. Bd3 Bg7 5. 0-0 0-0 6. Nbd2 Nbd7 7. c4 c6 8. b3 Re8 9. cxd5 Nxd5 10. Nc4 a5 11. Bb2 N7b6 12. a3 h6 13. Qd2 a4 14. b4 Be6 15. Na5 Qb8 16. Rfe1 Rd8 17. Qc2 Qa7 18. Ne5 Rac8 19. Qc5 Qb8 20. e4 Nf4 21. Bf1 Qc7 22. Qc1 g5 1-0

[Event "Asian Continental op (Women) 12th"]
[Site "Manila"]
[Date "2013.05.24"]
[Round "7"]
[White "Qiu, Mengjie"]
[Black "Xu, Huahua"]
[Result "1/2-1/2"]
[WhiteElo "2122"]
[BlackElo "2135"]
[PlyCount "88"]
[EventDate "2013.05.18"]
[EventType "swiss"]
[EventRounds "9"]
[EventCountry "PHI"]
[SourceTitle "CBM 154 Extra"]
[Source "ChessBase"]
[SourceDate "2013.06.25"]
[SourceVersion "2"]
[SourceVersionDate "2013.06.25"]
[SourceQuality "1"]

1. e4 c6 2. d4 d5 3. Nc3 dxe4 4. Nxe4 Bf5 5. Ng3 Bg6 6. h4 h6 7. Nf3 Nd7 8. h5 Bh7 9. Bd3 Bxd3 10. Qxd3 e6 11. Bd2 Ngf6 12. 0-0-0 Be7 13. Ne4 Nxe4 14. Qxe4 Nf6 15. Qe2 Qd5 16. c4 Qe4 17. Qxe4 Nxe4 18. Be3 f5 19. Nd2 Nxd2 20. Kxd2 Rd8 21. Ke2 Kf7 22. Rd3 Rd7 23. Rhd1 Bf6 24. Bf4 Rhd8 25. Be5 b5 26. b3 a5 27. f4 a4 28. Ke3 bxc4 29. bxc4 Rb7 30. d5 exd5 31. cxd5 Bxe5 32. dxc6 Rxd3+ 33. Rxd3 Rc7 34. fxe5 Rxc6 35. Kf4 Rc2 36. Kxf5 Rf2+ 37. Ke4 Re2+ 38. Kf5 Rf2+ 39. Ke4 Re2+ 40. Kd5 Rxa2 41. Kd6 Rb2 42. e6+ Ke8 43. Rc3 Rd2+ 44. Ke5 Re2+ 1/2-1/2